Fracchia (Record no. 3645)

MARC details
000 - LÍDER
campo de control de longitud fija 00991nam a2200217Ia 4500
008 - ELEMENTOS DE DATOS DE LONGITUD FIJA - INFORMACIÓN GENERAL
campo de control de longitud fija 0000001996 mX a 0000000000spa00
090 ## - NÚMERO DE LLAMADA DE TIPO LC LOCALMENTE ASIGNADO (OCLC)
Número de clasificación (OCLC) (R) PPY00 F71f1
100 1# - ENTRADA PRINCIPAL - NOMBRE PERSONAL
Nombre de la persona Fracchia, Luis
Fechas asociadas a un nombre 1959
245 10 - TÍTULO DECLARACIÓN
Título Fracchia
Resto del título : naturaleza contenida = contines natura
Declaración de responsabilidad / fotografías Jorge Vértiz, Rogelio Cuéllar
260 ## - PUBLICACIÓN, DISTRIBUCIÓN
Lugar de publicación México : Galería Oscar Roman
Fecha de publicación 1996
300 ## - DESCRIPCIÓN FÍSICA
Alcance 20 p.
Dimensiones / 30 cm.
500 ## - NOTA GENERAL
Nota general Exposición realizada en la Galería Oscar Román, ciudad de México, en noviembrediciembre de 1996 \ Con el patronazgo del maestro venezolano Jesús Rafael Soto (q.e.p.d.) \ Registro auspiciado por el IDCT. Bogotá
501 ## - Con nota
Con nota Todos los cuerpos en el cuerpo / Fernando Solana Olivares
600 00 - ENTRADA DE SUJETO AÑADIDO - NOMBRE PERSONAL
Nombre de la persona FRACCHIA, LUIS, 1959/
Subdivisión general TRABAJOS PICTORICOS
650 14 - ENTRADA DE SUJETO AÑADIDO - TÉRMINO TÓPICO
Término tópico o elemento de entrada del nombre geográfico PINTURA PARAGUAYA
650 14 - ENTRADA DE SUJETO AÑADIDO - TÉRMINO TÓPICO
Término tópico o elemento de entrada del nombre geográfico ARTISTAS PLASTICOS PARAGUAYOS
650 14 - ENTRADA DE SUJETO AÑADIDO - TÉRMINO TÓPICO
Subdivisión general CATALOGOS
650 14 - ENTRADA DE SUJETO AÑADIDO - TÉRMINO TÓPICO
Término tópico o elemento de entrada del nombre geográfico CUERPO HUMANO EN LA PINTURA
650 14 - ENTRADA DE SUJETO AÑADIDO - TÉRMINO TÓPICO
Subdivisión general EXPOSICIONES
700 1# - ENTRADA AGREGADA - NOMBRE PERSONAL
Nombre de la persona Vértiz, Jorge \ Cuéllar, Rogelio
Holdings
Estado de retirada Pérdida de estatus Estado dañado No para préstamo Código de recogida Ubicación permanente Ubicación actual Ubicación de las estanterías Fecha de adquisición Número de llamada completo Código de barras Fecha de la última vez que se vio Número de copia Precio efectivo desde Tipo de artículo Koha
        General ArtNexus ArtNexus General 06/09/2022 P-PY-00 F71F1 3648 06/09/2022 Ej.1 06/09/2022 Libro

Powered by Koha